LEADER 01094nam2 22002891i 450 001 UON00287276 005 20250319105609.691 100 $a20070129d1955 |0itac50 ba 101 $apol 102 $aPL 105 $a|||| 1|||| 200 1 $aUtwory dramatyczne$fAdam Mickiewicz 205 $aWarszawa : Czytelnik$b1955 210 $a537 p.$ctav. ; 20cm 215 $aInd. op.: Dziady. 461 1$1001UON00287249$12001 $aDziela$fAdam Mickiewicz$1210 $aWarszawa$cCzytelnik$d1955$1215 $a16 v.$d20 cm.$v03 620 $aPL$dWarszawa$3UONL000573 676 $a891.85$cLetteratura polacca$v21 700 1$aMickiewicz$bAdam$3UONV023600$0143464 712 $aCzytelnik$3UONV256601$4650 790 0$aMICIKAIWEIZHI$zMickiewicz, Adam$3UONV023602 801 $aIT$bSOL$c20250321$gRICA 899 $aSIBA - SISTEMA BIBLIOTECARIO DI ATENEO$2UONSI 912 $aUON00287276 950 $aSIBA - SISTEMA BIBLIOTECARIO DI ATENEO$dSI A MICK 0008 $eSI MR 47245 5 0008 996 $aUtwory dramatyczne$91181425 997 $aUNIOR LEADER 02247nam 2200505z- 450 001 9910557623003321 005 20211118 035 $a(CKB)5400000000045185 035 $a(oapen)https://directory.doabooks.org/handle/20.500.12854/73166 035 $a(oapen)doab73166 035 $a(EXLCZ)995400000000045185 100 $a20202111d2019 |y 0 101 0 $aeng 135 $aurmn|---annan 181 $ctxt$2rdacontent 182 $cc$2rdamedia 183 $acr$2rdacarrier 200 00$aEpigenetic Mechanisms in Neural Plasticity 210 $cFrontiers Media SA$d2019 215 $a1 online resource (159 p.) 311 08$a2-88963-000-5 330 $aThis eBook is a collection of articles from a Frontiers Research Topic. Frontiers Research Topics are very popular trademarks of the Frontiers Journals Series: they are collections of at least ten articles, all centered on a particular subject. With their unique mix of varied contributions from Original Research to Review Articles, Frontiers Research Topics unify the most influential researchers, the latest key findings and historical advances in a hot research area! Find out more on how to host your own Frontiers Research Topic or contribute to one as an author by contacting the Frontiers Editorial Office: frontiersin.org/about/contact 606 $aNeurosciences$2bicssc 606 $aScience: general issues$2bicssc 610 $aCentral Nervous System 610 $aCNS disorders 610 $aEpigenetic regulating mechanisms 610 $aEpigenetics (MeSH) 610 $aEpigenome- and transcriptome-wide association studies 610 $aneural plasticity 610 $aneurodegenerative disease 610 $aPost-translation modification 610 $atranscript-epigenetic regulations 615 7$aNeurosciences 615 7$aScience: general issues 700 $aOrtuño-Sahagún$b Daniel$4edt$01278630 702 $aSchliebs$b Reinhard$4edt 702 $aPallàs$b Merce$4edt 702 $aOrtuño-Sahagún$b Daniel$4oth 702 $aSchliebs$b Reinhard$4oth 702 $aPallàs$b Merce$4oth 906 $aBOOK 912 $a9910557623003321 996 $aEpigenetic Mechanisms in Neural Plasticity$93013626 997 $aUNINA